EPIC: The Musical - Little Wolf - Statistics

General Stats
  • This quiz has been taken 282 times
  • The average score is 317 of 369
Answer Stats
% Correct
Antinous/Suitors (Fight
100%
fight!)
100%
(fight
100%
fight
100%
(fight,
100%
fight,
100%
Fight,
100%
fight.
100%
fight!
100%
(fight!)
100%
FIGHT!
100%
little
100%
who
100%
wolf
100%
wolf,
100%
wolf.
100%
a
97%
you
97%
I
96%
me?
96%
me,
96%
bit
95%
the
95%
your
95%
(Bite
93%
bite!)
93%
bite,
93%
bite.
93%
Bite,
93%
do
93%
so
93%
to
93%
when
93%
be
91%
go
91%
Antinous Go
91%
made
91%
men
91%
Athena No,
91%
no
91%
this
91%
This
91%
how
89%
how...
89%
just
89%
man?
89%
man
89%
on
89%
that?
89%
that
89%
Then,
89%
Then
89%
too.
89%
too
89%
and
88%
Don't
88%
don't
88%
entertain
88%
Athena Is
88%
is
88%
Wanna
88%
her,
87%
in
87%
know
87%
Let's
87%
let's
87%
NOW.
87%
now
87%
now,
87%
see
87%
one
86%
One
86%
(strike,
86%
strike!)
86%
strike,
86%
strike.
86%
(strike!)
86%
Strike,
86%
up
86%
You've
86%
you've
86%
for
85%
quick.
85%
teach
85%
here,
84%
here?!
84%
all
83%
All
83%
bullies,
83%
did
83%
lesson,
83%
of
83%
slow?
83%
some
83%
take
83%
Take
83%
mother
82%
respect
82%
thoughts
82%
cry
81%
die,
81%
die!
81%
(die,
81%
die!)
81%
going
81%
him,
81%
I've
81%
pushed
81%
sick!
81%
time
81%
Athena Uppercut
81%
Telemachus What's
81%
back.
80%
back
80%
Show
80%
have
79%
help?
79%
last
79%
them
79%
Athena,
78%
daddy
78%
If
78%
mistake
78%
moving
78%
got
77%
kind
77%
kind.
77%
make
77%
maybe
77%
Athena Need
77%
plan
77%
run
77%
Run
77%
those
77%
corner,
76%
has
76%
never
76%
out
76%
Telemachus Tell
76%
will!
76%
worst
76%
could.
75%
hears.
75%
lessons,
75%
stand
75%
we'll
75%
why
75%
are
74%
combined!
74%
Get
74%
his
74%
might
74%
she
74%
sure
74%
than
74%
these
74%
(try,
74%
try!)
74%
try
74%
dog
73%
heart,
73%
my
73%
suggest
73%
around?
72%
blood
72%
bring
72%
I'll
72%
seen
72%
without
72%
again.
71%
aid?
71%
came
71%
tears.
71%
being
70%
bones
70%
choose
70%
doesn't
70%
front
70%
give
70%
good,
70%
hard..
70%
through.
70%
world
70%
You'll
70%
enough
69%
Or
69%
or
69%
understand
69%
Athena Alright
68%
break,
68%
down
68%
their
68%
won't
68%
Telemachus Woah..
67%
Telemachus Woah,
67%
young
67%
cruel
66%
larger
66%
us?
66%
Cause
65%
impose
64%
plenty
64%
it's
63%
adorn
62%
(Oh!)
61%
truly
61%
filth!
60%
Telemachus Ow..
60%
presents
60%
before
59%
away
58%
(fly,
51%
fly!)
51%
advantage
50%
had
50%
because
45%
Athena Ooh,
44%
No matching quizzes found
Score Distribution
Percent of People with Each Score
Percentile by Number Answered
Your Score History
You have not taken this quiz